Normal view
MARC view
- Numerical Analysis in Engineering
Entry Geographic Name
001 - CONTROL NUMBER
- control field: 103701
003 - CONTROL NUMBER IDENTIFIER
- control field: NUST
005 - DATE AND TIME OF LATEST TRANSACTION
- control field: 20221128142057.0
008 - FIXED-LENGTH DATA ELEMENTS
- fixed length control field: 221128|| aca||aabn | a|a d
040 ## - CATALOGING SOURCE
- Original cataloging agency: NUST
- Transcribing agency: NUST
151 ## - HEADING--GEOGRAPHIC NAME
- Geographic name: Numerical Analysis in Engineering
670 ## - SOURCE DATA FOUND
- Source citation: Work cat.: (NUST)217992: Bhat, Rama B., 103700, Numerical Analysis in Engineering, 2004
